000 01166nam1a2200289 4500
001 RU\NLR\BIBL_A\022517326
005 20250807185221.0
035 _a(NLR Aleph) 022517326
090 _a88100
_c88100
100 _a20250807 rusy50
101 0 _atuk
102 _aTM
105 _ay z 000 y
181 0 _ai
_baxxe
182 0 _an
200 1 _aГрамматика
_eморфология
_fБайлыев Х. М. ве Сопыев Г.
_eдолы дәл орта ве орта мактеплер үчин окув китабы
203 _aТекст
_bвизуальный
_cнепосредственный
210 _aАшгабат
_cБирлешен Түркмендѳвлетнешир
_d1944
215 _d22
541 1 _aГрамматика
_eучебник для непол. сред. и сред. шк.
_zrus
700 1 _aБайлиев
_bХ. М.
_f1905-1946
_gХоджа Мурад
_3RU\NLR\AUTH\770200691
_4070
701 1 _aСопиев
_bК.
_gКурбан
_4070
852 _aNLR
_bОНЛ
_jТурк./3-867
942 _cBOOK
945 _aРоссийская национальная библиотека
980 _aBV